La verificación concursal de obligaciones a plazo frente a la eliminación del artículo 753 del Código Civil (Registro nro. 21297)

Detalles MARC
000 -LEADER
fixed length control field 00442 a2200121 4500
001 - CONTROL NUMBER
control field ART_49122
005 - DATE AND TIME OF LATEST TRANSACTION
control field 20260410161809.0
008 - FIXED-LENGTH DATA ELEMENTS--GENERAL INFORMATION
fixed length control field 260409a
100 1# - MAIN ENTRY--PERSONAL NAME
Personal name Lorente, Javier A.
245 10 - TITLE STATEMENT
Title La verificación concursal de obligaciones a plazo frente a la eliminación del artículo 753 del Código Civil
700 1# - ADDED ENTRY--PERSONAL NAME
Personal name Mastrovincenzo, Mariana
773 0# - HOST ITEM ENTRY
Title Doctrina Societaria y Concursal
Related parts - N° 379 (jun. 2019)
Record control number REV4298

No hay ítems disponibles.